Регионална библиотека "Любен Каравелов" - Русе

Меси - малкото момче, което стана голям футболист (Запис номер 176257)

MARC детайли
000 -Лидер
Контролно поле с фиксирана дължина 01968nam a2200445 c 4500
003 - Код на организацията, давaща контролен номер
Контролно поле BLK
005 - Дата и час на последна редакция
Контролно поле 20250730135112.0
008 - Елементи от данни с фиксирана дължина
fixed length control field 180411b bul|||||r ||||||| ||bul||
010 ## - Наследен системен номер
LC control number KNG00184862000
020 ## - Международен стандартен номер на книга ISBN
Международен стандартен номер на книга ISBN 978-954-27-1393-7
-- издат.: Егмонт България
040 ## - Източник на каталожния запис
Идентификатор на билиотеката - собственик на записа BLK
041 ## - Код за език
Код за езика на текст/звукозапис или на отделно заглавие Български
Код за езика КДБФ Български
072 #7 - Код за тематичната категория
Код организация bullib
Код за тематична категория Н79
Текст Спорт Н
080 ## - УДК
Текстов определител УДК Футбол
УДК код - определител по УДК 796.332
УДК определител .071(82)(092)
УДК - код + определител 796.332.071(82)(092)
080 ## - УДК
Текстов определител УДК Аржентински футболист
УДК код - определител по УДК 929 Меси, Лионел Андрес
УДК определител
УДК - код + определител 929 Меси, Лионел Андрес
100 1# - Редна дума - Автор
Автор Жултовска-Дарска, Ивете
Авторска отговорност първи автор
R(LIN) 340550
139 ## - Редно поле
Редна дума Жултовска-Дарска, Ивете
Авторски знак Мес - М 50
245 10 - Сведения за заглавието
Заглавие Меси - малкото момче, което стана голям футболист
Редно поле (дума) Ивете Жултовска-Дарска; прев. Десислава Недялкова.
257 ## - Страна на издаване
Страна на създаване/издаване Полша
260 ## - Област на издателските данни
-- София
Име на издателя, разпространителя и проч. Егмонт България
Година на издаване 2015
Печатница София : Ропринт
300 ## - Физическа характеристика
Страници 191 с.
Илюстрации и др. с цв. ил.
Размери/Мащаб 24 см
380 ## - Жанр
Жанр 793/799 Спорт
500 ## - Общи забележки
Забележка Ориг. загл. Messi - maly chlopiec, ktory stal sie wielkim pilkarzem / Yvette Zoltowska-Darska. - Библиогр. с. 190.
600 14 - Име на лице, използвано като предмет
За него / За нея Меси, Лионел Андрес
9 (RLIN) 336716
650 #4 - Допълнително описание по предмет – тема
Основно описание – тема или топоним Меси, Лионел Андрес
9 (RLIN) 336716
650 #4 - Допълнително описание по предмет – тема
Основно описание – тема или топоним Футболисти, аржентински
9 (RLIN) 256735
651 #4 - Допълнително описание по предмет - топоним
Географско понятие Аржентина
9 (RLIN) 178544
653 ## - Ключова дума – ненормативна
Ключова дума Лионел Меси
653 ## - Ключова дума – ненормативна
Ключова дума футболисти
653 ## - Ключова дума – ненормативна
Ключова дума спортисти
653 ## - Ключова дума – ненормативна
Ключова дума биографии
659 ## - Тематичен бюлетин
Тематичен бюлетин Н
700 1# - Други автори (авторска отговорност)
Лично име Недялкова, Десислава
Автороска отговорност (Описва отношението между автора и произведението) прев.
9 (RLIN) 375047
852 ## - Местоположение
Форматна сигнатура Цб 278151
856 4# - Електронен адрес и достъп
Електронен формат pdf - файл
Път до файла /url/
856 4# - Електронен адрес и достъп
Електронен формат pdf - файл
Път до файла /url/
942 ## - АРТИКУЛИ
Вид на библиотечния материал Книги
Скрит в OPAC Не
Koha issues (borrowed), all copies 12
944 ## - СЪЗДАВАНЕ И РЕДАКЦИЯ на ЗАПИСА
Създаване/Редакция Създаване
Дата на регистрацията/редакция 16.11.2015
Статус, дата на статуса Цветелина Шанова
Служител, извършил регистрацията/редакцията 30531
944 ## - СЪЗДАВАНЕ И РЕДАКЦИЯ на ЗАПИСА
Създаване/Редакция Редакция
Дата на регистрацията/редакция 03.02.2017
Статус, дата на статуса ф /
Служител, извършил регистрацията/редакцията Виолета_Тройчева
999 ## - СИСТЕМНИ КОНТРОЛНИ НОМЕРА
Koha biblionumber 176257
Koha biblioitemnumber 176257
Наличности
Код за отписване Код за изгубен артикул Код за повреда Коз за рестрикции Код за отдаване Артикулен № Име на библиотеката - собственик Име на библиотеката, в която се намира в момента Статус (Текущо местоположение) Дата на вписване в системата Местоположение - отдел Цена в лева Инвентарен номер Систематично азбучна сигнатура Баркод Номер на екземпляра Цена в евро Служебна бележка Служебен тип на артикула Източник на класификационната схема
  Не е изгубен Не е повреден без рестрикции ползва се в читалня 303348 Регионална библиотека "Любен Каравелов" Русе Регионална библиотека "Любен Каравелов" Русе Хранилище 2015-11-17 Хранилище 14.90 120000794905 Цб 278151 120000794905 1 7.62 Дост: Dp Вид: Д N: 43 Дата: 05.10.2015 Книги  
  Не е изгубен Не е повреден без рестрикции заемане за дома 303349 Регионална библиотека "Любен Каравелов" Русе Регионална библиотека "Любен Каравелов" Русе Заемна - подръчен фонд 2015-11-23 Заемна - подръчен фонд 11.62 120000794967 П 796.3(092)/М 50 120000794967 2 5.94 Дост: Pk Вид: Ф N: 566 Дата: 14.11.2015 Дата инв: 08.02.2018 Бележки инв: П2018 Книги Universal Decimal Classification
Vip Innovations Ltd, Rousse, Bulgaria 2025